000 00368nam a2200145Ia 4500
008 230312s9999||||xx |||||||||||||| ||und||
020 _a007-132581-3
082 _a621.310
_bCHA-E
100 _aChapman
245 0 _aElectrical Engineering Fundamentals
260 _bMcGraw Hill
_aSingapore
_c2012
300 _a680
650 _aEngineering
_vElectrical
942 _cBK
999 _c12748
_d12748